000 00275nam a2200121Ia 4500
008 190216s9999||||xx |||||||||||||| ||und||
100 _aAllama Ibn Seerin
245 0 _aThabeern-Al-Raa
260 _bBuklab Mathuifadin-Bairoot
300 _a103
650 _aArabic
942 _cBK
999 _c465
_d465